Ossos do corpo humano - Statistics

Estatísticas Gerais
  • Esse quiz foi jogado 6 022 vezes
  • A pontuação média é 18 de 58
Estatísticas das Respostas
Dica Resposta % Correto
Pernas (2) Fêmur
79%
Braços (2) Rádio
78%
Pernas (2) Tíbia
71%
Tórax (24) Costelas
67%
Facial Mandíbula
66%
Craniano Frontal
60%
Facial (2) Maxilar
59%
Ombros (2) Clavícula
58%
Braços (2) Úmero
54%
Braços (2) Ulna
53%
Pernas (2) Fíbula
49%
Craniano Occipital
49%
Craniano (2) Temporal
49%
Ombros (2) Escápula
47%
Orelhas Médias (2) Martelo
47%
Tórax Esterno
45%
Craniano (2) Parietal
45%
Pernas (2) Patela
41%
Orelhas Médias (2) Bigorna
40%
Facial (2) Zigomático
40%
Mãos (10) Metacarpo
38%
Facial (2) Nasal
38%
Tornozelos/Pés (10) Metatarso
37%
Orelhas Médias (2) Estribo
35%
Craniano Esfenóide
33%
Pélvis Cóccix
28%
Craniano Etmóide
26%
Facial (2) Lacrimal
26%
Pélvis Sacro
26%
Mãos (10) Falanges Distais
23%
Tornozelos/Pés (10) Falanges Distais
23%
Costas (5) Lombar
23%
Costas (7) Ossos Cervicais
23%
Punhos (2) Trapézio
23%
Facial Vômer
23%
Mãos (10) Falanges Proximais
22%
Tornozelos/Pés (10) Falanges Proximais
22%
Punhos (2) Trapezóide
19%
Punhos (2) Semilunar
18%
Tornozelos/Pés (2) Calcâneo
17%
Pescoço Hioide
17%
Punhos (2) Piramidal
17%
Punhos (2) Hamato
16%
Punhos (2) Capitato
15%
Facial (2) Palatino
15%
Facial (2) Concha Nasal Inferior
14%
Tornozelos/Pés (2) Cuboide
14%
Tornozelos/Pés (2) Navicular
13%
Punhos (2) Pisiforme
12%
Tornozelos/Pés (2) Tálus
12%
Tornozelos/Pés (2) Cuneiforme Lateral
7%
Tornozelos/Pés (2) Cuneiforme Medial
7%
Mãos (8) Falanges Intermediárias
7%
Tornozelos/Pés (8) Falanges Intermediárias
7%
Pélvis Coxal
5%
Costas (12) Vértebra Toráxica
5%
Tornozelos/Pés (2) Cuneiforme Intermediário
4%
Punhos (2) Escapóide
4%
Nenhum quiz correspondente encontrado
Distribuição das Pontuações
Porcentagem de Pessoas com Cada Pontuação
Percentil de Números Respondidos
Sua Pontuação Histórica
Você não jogou esse quiz